| LEADER | 00469cam a2200157 7i4500 | ||
|---|---|---|---|
| 001 | 0000017254 | ||
| 005 | 20060413090000.0 | ||
| 090 | 0 | 0 | |a T 382.7 |b INT(BULG) |
| 245 | 0 | 0 | |a Integrated customs tariff of the Republic of Bulgaria 2006. |
| 260 | 0 | 0 | |a [S.l]: |b [s.n], |c 2006. |
| 300 | # | # | |a [n.p]. |
| 500 | 0 | 0 | |a Vol. 1 : Chapter 1 - 59 |
| 500 | 0 | 0 | |a Vol. 2 : Chapter 60 - 99 |
| 650 | 0 | 0 | |a Tariff -- |z Bulgaria |
| 651 | 0 | 0 | |a Bulgaria |
| 999 | |a 0000018476 |b Book |c Tariffs |e Business Information Centre | ||